| 000 | 00000nam##2200000za#4500 |
| 001 | 9.574798 |
| 003 | CaOODSP |
| 005 | 20210624184346 |
| 007 | cr ||||||||||| |
| 008 | 150406|2008||||xxc|||||o f|0| 0 eng|d |
| 040 | |aCaOODSP|beng |
| 043 | |an-cn--- |
| 086 | 1 |aT41-1/62E-PDF |
| 110 | 1 |aCanada. |bTransport Canada. |
| 245 | 10|aHamilton Street Railway transit customer information service enhancements |h[electronic resource] |
| 260 | |aOttawa - Ontario : |bTransport Canada |cJune 2008. |
| 300 | |a4p.|bcoloured figs., photographs |
| 490 | 1 |aCase studies in sustainable transportation |vCase study 62 |
| 500 | |aAt head of title: Urban Transportation Showcase Program. "Hamilton, Ontario". |
| 590 | |a12-36-Supp|b2012-08-22 |
| 775 | 08|tHamilton Street Railway - améliorations apportées au service d'information des clients du transport en commun |w(CaOODSP)9.604528 |
| 830 | #0|aCase studies in sustainable transportation ;|vCase study 62|w(CaOODSP)9.506851 |
| 856 | 40|ahttp://publications.gc.ca|qPDF|s435 KB|uhttps://publications.gc.ca/collections/collection_2012/tc/T41-1-62-eng.pdf|yCase study 62 |